| 000 -LEADER |
| fixed length control field |
00380cam a22001337a 4500 |
| 008 - FIXED-LENGTH DATA ELEMENTS--GENERAL INFORMATION |
| fixed length control field |
180718b1962 xxu||||| |||| 00| 0 eng d |
| 082 ## - DEWEY DECIMAL CLASSIFICATION NUMBER |
| Classification number |
A42x5421 H95 |
| 100 ## - MAIN ENTRY--PERSONAL NAME |
| Personal name |
Husain, Syed Mohammad |
| 245 ## - TITLE STATEMENT |
| Title |
Uttar Pradesh local acts, 1836-1960 |
| Statement of responsibility, etc. |
by Syed Mohammad Husain |
| 250 ## - EDITION STATEMENT |
| Edition statement |
3rd ed. |
| 260 ## - PUBLICATION, DISTRIBUTION, ETC. |
| Place of publication, distribution, etc. |
Lucknow |
| Name of publisher, distributor, etc. |
Eastern |
| Date of publication, distribution, etc. |
1962 |
| 300 ## - PHYSICAL DESCRIPTION |
| Extent |
4v. |
| 650 ## - SUBJECT ADDED ENTRY--TOPICAL TERM |
| Topical term or geographic name entry element |
Law - India (Uttar Pradesh) |